Položenije Evroazijskogo ekonomičeskogo soobščestva vo vnešnej torgovli Slovackoj respubliki

Salvato in:
Dettagli Bibliografici
Autore principale: Kašťáková, Elena, 1974-
Natura: Capitolo di libro
Lingua:russo
Soggetti:
Tags: Aggiungi Tag
Nessun Tag, puoi essere il primo ad aggiungerne!!

MARC

LEADER 00000naa$a2200000$$$4500
001 0281536
005 20240502083905.8
041 0 |a rus 
044 |a KZ 
245 1 0 |a Položenije Evroazijskogo ekonomičeskogo soobščestva vo vnešnej torgovli Slovackoj respubliki  |c Elena Kašťáková 
610 2 0 |a obchod zahraničný 
610 2 0 |a Ázia 
610 2 0 |a Slovensko 
100 1 |a Kašťáková, Elena, 1974-